|
|
|
|
| LEADER |
00000nam a22000007a 4500 |
| 005 |
20210430210851.0 |
| 007 |
cr|||| |||| |
| 008 |
210430s2014 co |||||s|||| 00||0 spa d |
| 020 |
|
|
|a 978-958-665-277-3
|
| 035 |
|
|
|a 33208
|
| 040 |
|
|
|a vLex
|
| 090 |
|
|
|c 11575
|d 11575
|
| 100 |
1 |
|
|a Arenas Amorocho, Hčtor
|
| 245 |
1 |
0 |
|a Gotas que agrietan la roca. Crn̤icas, entrevistas y dil̀ogos sobre territorios, acceso a la justicia y derechos fundamentales
|h [Recurso electrn̤ico] /
|c Hčtor Arenas Amorocho, Antonio Girn̤ Serrano
|
| 256 |
|
|
|a Servicio en ln̕ea
|
| 260 |
|
|
|a Bogot:̀
|b Siglo del Hombre Editores,
|c 2014
|
| 300 |
|
|
|a 1 recurso electrn̤ico
|
| 500 |
|
|
|a Con un prl̤ogo del nobel de literatura Jos ̌Saramago, en este libro encontramos una serie de crn̤icas sobre la historia del Colectivo de Abogados Jos ̌Alvear Restrepo. -Gotas que agrietan la roca- es una invitacin̤ a conocer esas -salas de urgencia- de la convulsa historia reciente colombiana en las que operan la voluntad y el coraje de hombres y mujeres incapaces de admitir que la injusticia pronuncie siempre la l︢tima palabra. La Corporacin̤ Colectivo de Abogados Jos ̌Alvear Restrepo, una de las entidades pioneras en la defensa de los derechos humanos y la promocin̤ de la paz en Colombia, celebra su 35ð Aniversario con esta publicacin̤ en colaboracin̤ con Siglo del Hombre Editores.
|
| 506 |
1 |
|
|a Disponible solo en los productos indicados
|d vLex Global
|d vLex Global (Academic Edition, excluding Law Schools)
|d vLex Global (U.S. Academic Edition, Law Schools)
|d vLex Global (U.S. Academic Edition, excluding Law Schools)
|d vLex Global (Academic Edition, Law Schools)
|
| 650 |
0 |
4 |
|a Economa̕ Espaǫla
|z Colombia
|
| 700 |
1 |
|
|a Girn̤ Serrano, Antonio
|
| 740 |
0 |
|
|a vLex Libros (Servicio en ln̕ea)
|
| 856 |
4 |
0 |
|u https://vlex.com/source/gotas-que-agrietan-la-roca-cronicas-entrevistas-y-dialogos-sobre-territorios-acceso-a-la-justicia-y-derechos-fundamentales-33208
|z Acceso restringido
|
| 942 |
|
|
|c BOOK
|
| 999 |
0 |
|
|a Spanish economy
|